أدب الدنيا والدين / (رقم التسجيلة. 4873)
[ عرض عادي ]
| 000 -الفاتح | |
|---|---|
| عناصر البيانات ثابتة الطول | 00910cam a2200181 i 4500 |
| 005 - تاريخ ووقت آخر معاملة | |
| حقل ضبط | 20251228115644.0 |
| 008 - عناصر البيانات ثابتة الطول | |
| عناصر البيانات ثابتة الطول | 250721s1984 le gr 000 0 ara d |
| 082 14 - رقم تصنيف ديوي العشري | |
| رقم التصنيف | 218,6 |
| رقم المادة | م ا و |
| 100 1# - مدخل رئيسي – اسم شخصي | |
| الاسم الشخصي | الماوردي، أبو الحسن علي بن محمد إبن حبيب البصري |
| علاقة الشخص بالعمل/ دوره | مؤلف. |
| 245 10 - بيان العنوان | |
| العنوان | أدب الدنيا والدين / |
| بيان المسؤولية | تأليف العالم العلامة الحبر الفهامة الإمام المحقق الشهير اقضى القضاة أبي الحسن علي بن محمد بن حبيب البصري الماوردي ؛ شرح وتعليق محمد كريم راجح. |
| 250 ## - بيان الطبعة | |
| بيان الطبعة | الطبعة الثالثة، جديدة ومنقحة. |
| 264 31 - بيانات النشر، التوزيع…إلخ | |
| مكان النشر، التوزيع...إلخ | بيروت : |
| اسم الناشر، الموزع...إلخ | دار إقرأ، |
| تاريخ النشر، التوزيع...إلخ | 1984. |
| 300 ## - الوصف المادي | |
| عدد الوحدات المكونة للوعاء | 365 صفحة. |
| 650 17 - مدخل إضافي بالموضوع - مصطلح موضوعي | |
| مصطلح موضوعي أو اسم جغرافي كعنصر مدخل | الآداب الإسلامية. |
| 700 1# - مدخل إضافي - اسم شخصي | |
| الاسم الشخصي | راجح، محمد كريم |
| علاقة الشخص بالعمل/ دوره | شارح. |
| 942 ## - بيانات إضافية (كوها) | |
| نوع التنصيف | Dewey Decimal Classification |
| نوع المادة (كوها) | كتب |
| حالة السحب | حالة الفقدان | مصدر التصنيف | حالة التلف | غير قابل للإعارة | المكتبة الرئيسية | المكتبة الحالية | موقع الرف | تاريخ التزويد | الرقم المتسلسل | Total Checkouts | رقم الإستدعاء | الباركود | تاريخ آخر ظهور | تاريخ الفاتورة | نوع المادة (كوها) |
|---|---|---|---|---|---|---|---|---|---|---|---|---|---|---|---|
| Dewey Decimal Classification | المكتبة المركزية | المكتبة المركزية | الإعارة | 06/07/2004 | 119628 | 218,6 / م ا و | 119628 | 28/07/2025 | 06/07/2004 | كتب |